=LDR 00000nam 2200000 4500 =001 INLIS000000000011905 =005 20130612103443 =008 ***********************************ind** =035 ##$$0010-061300000011905 =041 ##$$a ind =082 ##$$a 380.1 =090 ##$$a 380.1, Ira p =100 ##$$a Irawan =245 ##$$a pemasaran 2000, Irawan, Faried wijaya =260 ##$$a 1996 $b Yogyakarta =300 ##$$a viii, 172 hlm, .21 cm =650 ##$$a Pemasaran =700 ##$$a Wijaya, Faried =850 ##$$a NBPNMAT